[Event "Muensterland Verbandsklasse-B 0809"]
[Site "Germany"]
[Date "2009.02.07"]
[Round "6.4"]
[White "Reinhold, Klaus"]
[Black "Boshe Plois, Stefan"]
[Result "0-1"]
[WhiteElo "1894"]
[BlackElo "1825"]
[PlyCount "76"]
[EventDate "2008.09.13"]
[EventType "team-tourn"]
[EventRounds "9"]
[EventCountry "GER"]
[SourceTitle "EXT 2010"]
[Source "ChessBase"]
[SourceDate "2010.11.25"]
[SourceVersion "1"]
[SourceVersionDate "2010.11.25"]
[SourceQuality "1"]
[WhiteTeam "Gronau"]
[BlackTeam "Ochtrup"]
[WhiteTeamCountry "GER"]
[BlackTeamCountry "GER"]

1. d4 Nf6 2. c4 g6 3. Nc3 Bg7 4. e4 d6 5. f4 0-0 6. Nf3 a5 7. Be2 Na6 8. 0-0 Nd7 9. f5 c5 10. d5 Ne5 11. Nxe5 Bxe5 12. Bh6 Bg7 13. Qd2 Bd7 14. Rf3 Bd4+ 15. Kh1 Nc7 16. Bxf8 Qxf8 17. Raf1 Bf6 18. fxg6 hxg6 19. e5 Bxe5 20. Bd3 Bf6 21. Ne4 Ne8 22. Nxf6+ Nxf6 23. Qg5 Qg7 24. h4 Rf8 25. Rxf6 exf6 26. Rxf6 Qh8 27. Rxd6 Bc8 28. Rf6 Re8 29. Rxf7 Kxf7 30. Bxg6+ Kf8 31. Qf4+ Ke7 32. Qc7+ Bd7 33. d6+ Kf6 34. h5 Re1+ 35. Kh2 Kg5 36. Qxd7 Qe5+ 37. Kh3 Re3+ 38. g3 Qxg3# 0-1

[Event "Muensterland Verbandsklasse-B 0809"]
[Site "Germany"]
[Date "2008.11.29"]
[Round "4.6"]
[White "Galluschke, Thorsten"]
[Black "Boshe Plois, Stefan"]
[Result "0-1"]
[WhiteElo "1633"]
[BlackElo "1825"]
[PlyCount "34"]
[EventDate "2008.09.13"]
[EventType "team-tourn"]
[EventRounds "9"]
[EventCountry "GER"]
[SourceTitle "EXT 2010"]
[Source "ChessBase"]
[SourceDate "2010.11.25"]
[SourceVersion "1"]
[SourceVersionDate "2010.11.25"]
[SourceQuality "1"]
[WhiteTeam "Westerkappeln"]
[BlackTeam "Ochtrup"]
[WhiteTeamCountry "GER"]
[BlackTeamCountry "GER"]

1. d4 Nf6 2. c4 g6 3. Nc3 Bg7 4. e4 d6 5. Nf3 0-0 6. Be2 e5 7. dxe5 dxe5 8. Qxd8 Rxd8 9. Bg5 c6 10. Nxe5 Re8 11. 0-0-0 Nxe4 12. Nxe4 Bxe5 13. Nf6+ Bxf6 14. Bxf6 Nd7 15. Bc3 Rxe2 16. Rhe1 Rxe1 17. Rxe1 Kf8 0-1

[Event "Muensterland Verbandsklasse-A 0708"]
[Site "Germany"]
[Date "2008.01.26"]
[Round "5.7"]
[White "Hund, Reinhard"]
[Black "Boshe Plois, Stefan"]
[Result "1/2-1/2"]
[WhiteElo "1692"]
[BlackElo "1694"]
[PlyCount "55"]
[EventDate "2007.09.22"]
[EventType "team"]
[EventRounds "9"]
[EventCountry "GER"]
[SourceTitle "EXT 2009"]
[Source "ChessBase"]
[SourceDate "2008.11.26"]
[SourceVersion "1"]
[SourceVersionDate "2008.11.26"]
[SourceQuality "1"]
[WhiteTeam "Muenster SK III"]
[BlackTeam "Ochtrup"]
[WhiteTeamCountry "GER"]
[BlackTeamCountry "GER"]

1. f4 Nf6 2. Nf3 e6 3. e3 b6 4. Be2 Bb7 5. 0-0 Be7 6. b3 0-0 7. Bb2 c5 8. Bxf6 Bxf6 9. c3 Na6 10. Na3 Nc7 11. Rc1 Nd5 12. Nb1 Re8 13. g3 e5 14. Nxe5 Bxe5 15. fxe5 Rxe5 16. Bf3 Qc7 17. c4 Nf6 18. Nc3 Rd8 19. Bxb7 Qxb7 20. Qf3 d5 21. d4 Re7 22. dxc5 bxc5 23. Rcd1 Red7 24. cxd5 Nxd5 25. Nxd5 Rxd5 26. Rxd5 Qxd5 27. Qxd5 Rxd5 28. Rc1 1/2-1/2

[Event "Muensterland Verbandsklasse-A 0708"]
[Site "Germany"]
[Date "2007.12.15"]
[Round "4.6"]
[White "Wegner, Verena"]
[Black "Boshe Plois, Stefan"]
[Result "0-1"]
[WhiteElo "1689"]
[BlackElo "1694"]
[PlyCount "72"]
[EventDate "2007.09.22"]
[EventType "team"]
[EventRounds "9"]
[EventCountry "GER"]
[SourceTitle "EXT 2009"]
[Source "ChessBase"]
[SourceDate "2008.11.26"]
[SourceVersion "1"]
[SourceVersionDate "2008.11.26"]
[SourceQuality "1"]
[WhiteTeam "Heiden II"]
[BlackTeam "Ochtrup"]
[WhiteTeamCountry "GER"]
[BlackTeamCountry "GER"]

1. e4 c5 2. Nc3 d6 3. g3 g6 4. Bg2 Bg7 5. d3 Nf6 6. Nf3 Nc6 7. Be3 0-0 8. 0-0 a6 9. Rb1 Qc7 10. Ne2 Rb8 11. h3 b5 12. Qd2 Bb7 13. c3 Rfc8 14. Bh6 c4 15. Bxg7 Kxg7 16. dxc4 bxc4 17. Qf4 Qa5 18. a3 Nd8 19. e5 dxe5 20. Nxe5 Ne6 21. Qe3 Bxg2 22. Kxg2 Rc5 23. Nf3 Rd5 24. Ned4 Nxd4 25. cxd4 Rb3 26. Qxe7 Rf5 27. Nh4 Qd5+ 28. Kg1 Rg5 29. Rfe1 Qxd4 30. Kg2 Qxh4 31. Re6 Rgxg3+ 32. fxg3 Qxg3+ 33. Kf1 Rf3+ 34. Ke2 Qf2+ 35. Kd1 Rd3+ 36. Kc1 Qd2# 0-1

[Event "Muensterland Verbandsklasse-A 0708"]
[Site "Germany"]
[Date "2007.11.17"]
[Round "3.7"]
[White "Amirezaishvili, Maia"]
[Black "Boshe Plois, Stefan"]
[Result "0-1"]
[WhiteElo "1436"]
[BlackElo "1694"]
[PlyCount "60"]
[EventDate "2007.09.22"]
[EventType "team"]
[EventRounds "9"]
[EventCountry "GER"]
[SourceTitle "EXT 2009"]
[Source "ChessBase"]
[SourceDate "2008.11.26"]
[SourceVersion "1"]
[SourceVersionDate "2008.11.26"]
[SourceQuality "1"]
[WhiteTeam "Muenster SK IV"]
[BlackTeam "Ochtrup"]
[WhiteTeamCountry "GER"]
[BlackTeamCountry "GER"]

1. e4 c5 2. Nf3 d6 3. d4 cxd4 4. Nxd4 Nf6 5. Nc3 g6 6. Be2 Bg7 7. 0-0 0-0 8. f4 Nc6 9. Be3 Bd7 10. Kh1 a6 11. Qd2 b5 12. Bf3 Rc8 13. Rad1 Qc7 14. Nd5 Nxd5 15. exd5 Nxd4 16. Bxd4 Qxc2 17. Qe3 Rfe8 18. Be4 Bxd4 19. Rxd4 Qxb2 20. f5 Kg7 21. Bd3 gxf5 22. h3 Kh8 23. Rh4 Rg8 24. Qf3 Rc3 25. Rf2 Qc1+ 26. Kh2 Qe1 27. Bxf5 Qe5+ 28. g3 Bxf5 29. Qxf5 Qxg3+ 30. Kh1 Qg1# 0-1

[Event "Muensterland Verbandsklasse-B 0607"]
[Site "Germany"]
[Date "2007.04.21"]
[Round "8.7"]
[White "Boshe Plois, Stefan"]
[Black "Leeners, Stephan"]
[Result "1/2-1/2"]
[WhiteElo "1669"]
[BlackElo "1488"]
[PlyCount "48"]
[EventDate "2006.09.23"]
[EventType "team"]
[EventRounds "9"]
[EventCountry "GER"]
[SourceTitle "EXT 2008"]
[Source "ChessBase"]
[SourceDate "2007.11.25"]
[SourceVersion "1"]
[SourceVersionDate "2007.11.25"]
[SourceQuality "1"]
[WhiteTeam "Ochtrup"]
[BlackTeam "Buldern"]
[WhiteTeamCountry "GER"]
[BlackTeamCountry "GER"]

1. e4 d6 2. d4 Nf6 3. Nc3 g6 4. Bc4 Bg7 5. f4 0-0 6. Nf3 e6 7. e5 dxe5 8. Nxe5 Nd5 9. Qf3 c6 10. Bd2 Nd7 11. 0-0-0 Nxe5 12. dxe5 b5 13. Bd3 Qb6 14. Ne4 Bb7 15. Nd6 Rfd8 16. g4 a5 17. h4 b4 18. h5 a4 19. Bc4 Ba6 20. hxg6 hxg6 21. f5 Rxd6 22. Bxa6 Bxe5 23. fxg6 fxg6 24. Qe4 Qd4 1/2-1/2

[Event "Muensterland Verbandsklasse-B 0607"]
[Site "Germany"]
[Date "2007.03.24"]
[Round "7.7"]
[White "Boshe Plois, Stefan"]
[Black "Kasubke, Manfred"]
[Result "1/2-1/2"]
[WhiteElo "1669"]
[BlackElo "1934"]
[PlyCount "57"]
[EventDate "2006.09.23"]
[EventType "team"]
[EventRounds "9"]
[EventCountry "GER"]
[SourceTitle "EXT 2008"]
[Source "ChessBase"]
[SourceDate "2007.11.25"]
[SourceVersion "1"]
[SourceVersionDate "2007.11.25"]
[SourceQuality "1"]
[WhiteTeam "Ochtrup"]
[BlackTeam "Nordwalde"]
[WhiteTeamCountry "GER"]
[BlackTeamCountry "GER"]

1. e4 Nf6 2. e5 Nd5 3. Bc4 Nb6 4. Bb3 c5 5. Qe2 Nc6 6. Nf3 Na5 7. Na3 Nxb3 8. axb3 g6 9. 0-0 Bg7 10. Nc4 0-0 11. c3 d5 12. exd6 exd6 13. d4 Re8 14. Be3 Nd5 15. dxc5 Nxe3 16. Nxe3 dxc5 17. Qc2 Be6 18. Rfd1 Qb6 19. Nd5 Qc6 20. c4 Bxd5 21. Rxd5 Re7 22. Rad1 Qc7 23. Qd2 Bf6 24. b4 b6 25. Rd6 Bd4 26. Rd5 Bf6 27. Rd6 Bd4 28. Rd5 Bf6 29. Rd6 1/2-1/2

[Event "NRW-ch U14"]
[Site "Kranenburg"]
[Date "2005.04.02"]
[Round "7"]
[White "Boshe Plois, Stefan"]
[Black "Hinz, Arne"]
[Result "1-0"]
[WhiteElo "1489"]
[BlackElo "1408"]
[PlyCount "105"]
[EventDate "2005.03.28"]
[EventType "swiss"]
[EventRounds "7"]
[EventCountry "GER"]
[SourceTitle "CBM 105 Extra"]
[Source "ChessBase"]
[SourceDate "2005.05.01"]
[SourceVersion "1"]
[SourceVersionDate "2005.05.01"]
[SourceQuality "1"]

1. e4 e5 2. Nf3 Nf6 3. Nxe5 d6 4. Nxf7 Kxf7 5. d4 Be6 6. Nc3 Be7 7. f4 Bg4 8. Qd2 Re8 9. e5 Nh5 10. Bc4+ Kf8 11. Qd3 g6 12. 0-0 Bf5 13. Qd1 Qd7 14. Be2 Ng7 15. g4 d5 16. gxf5 Nxf5 17. Bg4 c6 18. Qd3 Na6 19. a3 Kg7 20. Re1 Qe6 21. Be3 Nc7 22. Ne2 Bh4 23. Rf1 Rf8 24. Bf2 Bxf2+ 25. Rxf2 Kh8 26. Ng3 Rg8 27. Kh1 Raf8 28. Rg1 Ne8 29. Rfg2 Neg7 30. h4 h5 31. Bh3 Kh7 32. Nxf5 Nxf5 33. Rg5 Rg7 34. c3 a6 35. Bxf5 Rxf5 36. Rxf5 gxf5 37. Rxg7+ Kxg7 38. Qg3+ Kf7 39. Qg5 Qg6 40. Kg2 b5 41. Kf3 a5 42. b4 a4 43. Kf2 Kg7 44. e6 Kh7 45. Qe7+ Kh8 46. Qd8+ Kh7 47. e7 Qg4 48. e8Q Qxf4+ 49. Ke2 Qh2+ 50. Kd3 Qh3+ 51. Qe3 Qf1+ 52. Kd2 Qg2+ 53. Qe2 1-0

[Event "NRW-ch U14"]
[Site "Kranenburg"]
[Date "2005.03.30"]
[Round "4"]
[White "Boshe Plois, Stefan"]
[Black "Strathoff, Jens"]
[Result "0-1"]
[WhiteElo "1489"]
[BlackElo "1823"]
[PlyCount "119"]
[EventDate "2005.03.28"]
[EventType "swiss"]
[EventRounds "7"]
[EventCountry "GER"]
[SourceTitle "CBM 105 Extra"]
[Source "ChessBase"]
[SourceDate "2005.05.01"]
[SourceVersion "1"]
[SourceVersionDate "2005.05.01"]
[SourceQuality "1"]

1. e4 e5 2. Nf3 Nc6 3. Bc4 Bc5 4. c3 Nf6 5. d4 exd4 6. cxd4 Bb4+ 7. Nc3 Nxe4 8. 0-0 Bxc3 9. d5 Bf6 10. Re1 Ne7 11. Rxe4 d6 12. Bg5 Bxg5 13. Nxg5 0-0 14. Nxh7 Kxh7 15. Qh5+ Kg8 16. Rh4 f5 17. Re1 Ng6 18. Rh3 f4 19. Bd3 Re8 20. Rxe8+ Qxe8 21. g4 fxg3 22. Qh7+ Kf8 23. Rxg3 Qe1+ 24. Bf1 Bf5 25. Rf3 Qe4 26. Qh5 Nh4 27. Rg3 Re8 28. Qh8+ Ke7 29. Qxg7+ Kd8 30. h3 Qe7 31. Qd4 a6 32. Re3 Qxe3 33. Qxe3 Rxe3 34. fxe3 Be4 35. Bc4 b5 36. Bb3 Nf5 37. Kf2 Ne7 38. Kg3 Nxd5 39. h4 Nxe3 40. Kf4 Ng2+ 41. Kxe4 Nxh4 42. Bd5 Kd7 43. Bb7 a5 44. Kd5 b4 45. Bc6+ Kd8 46. Kc4 Nf5 47. Be4 Ne3+ 48. Kb5 c5 49. Kxa5 Nc4+ 50. Kb5 Nxb2 51. Kc6 Ke7 52. Kd5 Nd1 53. Kc4 Nc3 54. Bh7 Nxa2 55. Kd3 Kf6 56. Kc4 Ke5 57. Kd3 d5 58. Bg8 Nc3 59. Kc2 c4 60. Kb2 0-1

[Event "NRW-ch U14"]
[Site "Kranenburg"]
[Date "2005.03.29"]
[Round "3"]
[White "Boshe Plois, Stefan"]
[Black "Olyschlaeger, Richard"]
[Result "1-0"]
[WhiteElo "1489"]
[BlackElo "1692"]
[PlyCount "57"]
[EventDate "2005.03.28"]
[EventType "swiss"]
[EventRounds "7"]
[EventCountry "GER"]
[SourceTitle "CBM 105 Extra"]
[Source "ChessBase"]
[SourceDate "2005.05.01"]
[SourceVersion "1"]
[SourceVersionDate "2005.05.01"]
[SourceQuality "1"]

1. e4 g6 2. d4 Bg7 3. Nf3 c6 4. Nc3 d5 5. exd5 cxd5 6. Bf4 Nf6 7. Bd3 0-0 8. 0-0 Bg4 9. h3 Bxf3 10. Qxf3 Nc6 11. Ne2 e6 12. c3 a6 13. Qe3 b5 14. a3 Qd7 15. Ng3 Rfc8 16. Rfc1 Na5 17. Rab1 Nc4 18. Bxc4 bxc4 19. b4 cxb3 20. Rxb3 Rc4 21. Rcb1 Rac8 22. Ne2 Ne4 23. Rb8 Nxc3 24. Rxc8+ Qxc8 25. Rb8 Nxe2+ 26. Qxe2 Qxb8 27. Bxb8 Bxd4 28. Be5 Bc5 29. Qb2 1-0

[Event "NRW-ch U14"]
[Site "Kranenburg"]
[Date "2005.03.29"]
[Round "2"]
[White "Steinbach, Ulrich"]
[Black "Boshe Plois, Stefan"]
[Result "0-1"]
[WhiteElo "1510"]
[BlackElo "1489"]
[PlyCount "52"]
[EventDate "2005.03.28"]
[EventType "swiss"]
[EventRounds "7"]
[EventCountry "GER"]
[SourceTitle "CBM 105 Extra"]
[Source "ChessBase"]
[SourceDate "2005.05.01"]
[SourceVersion "1"]
[SourceVersionDate "2005.05.01"]
[SourceQuality "1"]

1. e4 c6 2. d4 d5 3. Nc3 dxe4 4. Nxe4 Bf5 5. Ng3 Bg6 6. Nf3 Nd7 7. Bf4 Ngf6 8. Bc4 e6 9. h4 h6 10. h5 Bh7 11. Bd3 Bxd3 12. Qxd3 Nd5 13. Bd2 Qc7 14. 0-0-0 0-0-0 15. Kb1 c5 16. c3 c4 17. Qc2 N7f6 18. Ne5 Bd6 19. f4 Bxe5 20. fxe5 Ng4 21. Rde1 Nf2 22. Rhf1 Nd3 23. Rd1 Nb6 24. b3 Rd5 25. bxc4 Nxc4 26. Qxd3 Qb6+ 0-1

[Event "NRW-ch U14"]
[Site "Kranenburg"]
[Date "2005.03.28"]
[Round "1"]
[White "Boshe Plois, Stefan"]
[Black "Mazarov, Juergen"]
[Result "0-1"]
[WhiteElo "1489"]
[BlackElo "1958"]
[PlyCount "42"]
[EventDate "2005.03.28"]
[EventType "swiss"]
[EventRounds "7"]
[EventCountry "GER"]
[SourceTitle "CBM 105 Extra"]
[Source "ChessBase"]
[SourceDate "2005.05.01"]
[SourceVersion "1"]
[SourceVersionDate "2005.05.01"]
[SourceQuality "1"]

1. e4 e5 2. Nf3 Nf6 3. Nc3 Bb4 4. d3 d5 5. Bd2 Nc6 6. exd5 Nxd5 7. Ne4 Bxd2+ 8. Qxd2 0-0 9. Be2 Nf4 10. 0-0 Bg4 11. h3 Nxe2+ 12. Qxe2 Nd4 13. Qd1 Nxf3+ 14. gxf3 Bxh3 15. Re1 f5 16. Kh2 fxe4 17. Kxh3 Rxf3+ 18. Kg2 Qg5+ 19. Kf1 Raf8 20. Re2 e3 21. Qe1 Qg3 0-1